01769 2200349 4500001002100000005001500021035002000036008004100056040002200097043001200119100005900131245014700190250003300337300004600370504003400416020001800450041000800468082001400476084002400490090002400514264003100538336002100569337003000590338002300620520063400643521001501277650002101292700003301313700003701346850001201383990002401395INLIS00000000000722420260427103101 a0010-0423000063230426s2021 ntia g ind  aNTPDKUPbinderda aa-io-nt aStephen B, BevansepenuliseStephen B, Bevansepenulis aTerus berubah - tetap setia :bdasar, pola, konteks misi /cpenulis, Stephen B. Bevans & Roger P. Schroeder ; penerjemah, Yosef Maria Florisan aCetakan Kedua, Februari 2021 axlviii, 688 halaman :bilustrasi ;c23 cm aBibliografi : halaman 597-660 a979-9447-90-3 aind 2[23]a266 aCB-D.16.15 2021-012 aCB-D.16.15 2021-012 aMaumere :bLedalero,c2021 2rdacontentateks 2rdamediaatanpa perantara 2rdacarrieravolume aSedikit sekali buku yang bersifat 'monumental'. Tanpa ragu, ciri monumental harus diberikan pada magnum opus David Bosch, yaitu Transformasi Misi Kristen : Sejarah Teologi Misi yang Mengubah dan Berubah. Summa missiologica itu langsung menjadi acuan tanpa bandingan begi setiap orang yang hendak menggumuli seluk beluk telogi misi. Waktu Transformasi Misi menyajikan informasi terlengkap dan terpadu tentang sejarah pewartaan injil sepanjang zaman dan di seluruh dunia. Transformasi misi sangat meyakinkan dalam tiga hal ini : dasar biblis, uraian perkembangan misi sepanjang zaman, dan perumusan 13 elemen menuju pola misi baru. aUntuk Umum aMisi (Kristiani) aRoger P. Schroederepenulis; aYosef Maria Florisanepenerjemah aNTPDKUP aCB-D.16.15 2021-012